000 00512nam a2200181Ia 4500
999 _c287
_d287
020 _a0-470-41531-2
082 _a303.3720973 HOU-;
100 _aHoult, Thomas Ford
245 0 _aSocial justice and its enemies: Thomas Ford Hoult
260 _aNew York
_bJohn Wiley
_c1975
300 _a584p.
650 _aUnited States - Social conditions
650 _aSociology - United States
650 _aSocial equality
650 _aSocial justice - United States
650 _aEquality - United States
942 _cBK